McCraw and Arnold's atlas of muscle and musculocutaneous flaps / (Record no. 4448)

MARC details
000 -LEADER
fixed length control field 01002cam a2200277 a 4500
001 - CONTROL NUMBER
control field 2881284
003 - CONTROL NUMBER IDENTIFIER
control field OSt
005 - DATE AND TIME OF LATEST TRANSACTION
control field 20210916150525.0
008 - FIXED-LENGTH DATA ELEMENTS--GENERAL INFORMATION
fixed length control field 880129s1986 vaua b 001 0 eng
010 ## - LIBRARY OF CONGRESS CONTROL NUMBER
LC control number 86082307
020 ## - INTERNATIONAL STANDARD BOOK NUMBER
International Standard Book Number 0939789000
040 ## - CATALOGING SOURCE
Transcribing agency HU
050 00 - LIBRARY OF CONGRESS CALL NUMBER
Classification number RD125
Item number .M39 1986
082 00 - DEWEY DECIMAL CLASSIFICATION NUMBER
Classification number 617/.473
100 1# - MAIN ENTRY--PERSONAL NAME
Personal name McCraw, John B.
9 (RLIN) 4364
245 10 - TITLE STATEMENT
Title McCraw and Arnold's atlas of muscle and musculocutaneous flaps /
Statement of responsibility, etc. John B. McCraw, Phillip G. Arnold ; contributing authors, David G. Dibbell ... [et al.] ; case contributors, Thomas Arganese ... [et al.].
260 ## - PUBLICATION, DISTRIBUTION, ETC.
Place of publication, distribution, etc. Norfolk, Va. :
Name of publisher, distributor, etc. Hampton Press Pub. Co.,
Date of publication, distribution, etc. c1986.
300 ## - PHYSICAL DESCRIPTION
Extent xii, 735 p. :
Other physical details ill. (some col.) ;
Dimensions 32 cm.
500 ## - GENERAL NOTE
General note Includes index.
504 ## - BIBLIOGRAPHY, ETC. NOTE
Bibliography, etc. note Bibliography: p. 679-722.
650 #0 - SUBJECT ADDED ENTRY--TOPICAL TERM
Topical term or geographic name entry element Musculocutaneous flaps
General subdivision Atlases.
9 (RLIN) 4365
700 1# - ADDED ENTRY--PERSONAL NAME
Personal name Arnold, Phillip G.
9 (RLIN) 4366
740 0# - ADDED ENTRY--UNCONTROLLED RELATED/ANALYTICAL TITLE
Uncontrolled related/analytical title Atlas of muscle and musculocutaneous flaps.
906 ## - LOCAL DATA ELEMENT F, LDF (RLIN)
a 7
b cbc
c orignew
d 3
e opcn
f 19
g y-gencatlg
942 ## - ADDED ENTRY ELEMENTS (KOHA)
Source of classification or shelving scheme Dewey Decimal Classification
Koha item type Books like text book referance book
Suppress in OPAC No
Holdings
Withdrawn status Lost status Source of classification or shelving scheme Damaged status Not for loan Home library Current library Shelving location Date acquired Total Checkouts Full call number Barcode Date last seen Copy number Price effective from Koha item type
    Dewey Decimal Classification     Natural & Computational Science Library Natural & Computational Science Library General Stacks 09/16/2021   611.73/MCC NSCLIB00007746 09/16/2021 2 09/16/2021 Books like text book referance book
    Dewey Decimal Classification     Natural & Computational Science Library Natural & Computational Science Library General Stacks 09/16/2021   611.73/MCC NSCLIB00007747 09/16/2021 10 09/16/2021 Books like text book referance book